000 00243nam a2200109Ia 4500
008 190216s9999||||xx |||||||||||||| ||und||
100 _aRaduga Publication
245 0 _aLiyo Tolstoy
260 _bRaduga Pub
650 _aKathakal
942 _cBK
999 _c26633
_d26633